[Event "Donner Memorial"]
[Site "Amsterdam"]
[Date "1996.08.19"]
[Round "3"]
[White "Piket, Jeroen"]
[Black "Hodgson, Julian M"]
[Result "1/2-1/2"]
[WhiteElo "2580"]
[BlackElo "2550"]
[Annotator "Huebner,R"]
[PlyCount "49"]
[EventDate "1996.08.17"]
[EventType "tourn"]
[EventRounds "11"]
[EventCountry "NED"]
[EventCategory "16"]
[SourceTitle "CBM 055"]
[Source "ChessBase"]
[SourceDate "1996.12.01"]
[SourceVersion "1"]
[SourceVersionDate "1996.12.01"]
[SourceQuality "1"]

1. d4 {Mikhalevski,V} d5 2. c4 c6 3. Nc3 Nf6 4. Nf3 a6 5. c5 Nbd7 6. Bf4 Nh5 7.
Bd2 g6 8. e4 dxe4 9. Nxe4 Ndf6 (9... Bg7 {Mikhalevski,V} 10. Bc4 O-O 11. O-O
Ndf6 (11... e5 $2 {Mowsziszian ><d6} 12. Nd6 exd4 13. Nxf7 Rxf7 14. Bxf7+ Kxf7
15. Qb3+ Kf8 16. Ng5 $40) 12. Nxf6+ $5 (12. Nc3 Bg4 13. Be3 e6 14. h3 Bxf3 15.
Qxf3 Nd5 16. Rad1 {(1/2 Ionov-Lunev/St.Petersburg,1994)} Nhf6 17. Bg5 Qc7 18.
Rfe1 $14 {Sakaev,K-Zhukova,N/St.Petersburg op2 (07) ;EXP 43 1994 (50)}) 12...
Bxf6 (12... Nxf6 $5 13. h3 $1 Bf5 14. Qb3 Be4 (14... Qc7 15. Ne5 e6 (15... Nd5
16. Rfe1 Rad8 17. Qa3 Qc8 18. Ba5 $16 {Barlov,D-Simic,R/JUG-ch Novi Sad ;CBM
49 1995/0-1 (66)}) 16. f3 $16) 15. Ne5 Bd5 (15... Qxd4 16. Bxf7+ Kh8 17. Bc3
Qxc5 18. Qxb7 $36) 16. Bxd5 Qxd5 17. Qxb7 Qxd4 18. Bc3 Qxc5 19. Qxc6 Rfc8 (
19... Qxc6 20. Nxc6 e6 $14) 20. Qf3 $14 (20. Qxc5 Rxc5 $10)) 13. Qb3 Qc7 (13...
Bg4 14. Bh6 Ng7 15. Ne5 $16) (13... Bxd4 {Mowsziszian} 14. Rad1 (14. Nxd4 Qxd4
15. Bh6 Ng7 16. Rad1 Qxc5 17. Bxf7+ $1 Kh8 $44 (17... Rxf7 18. Rd8+)) 14... Bg4
15. Bg5 $1 Bxf3 $8 16. Qxf3 Ng7 (16... Qd7 17. Qe4 e5 18. Qxe5 $1 Bxe5 19. Rxd7
$16) 17. Rfe1 $16) 14. Rfe1 Ng7 15. Bh6 $1 (15. h3 $6 Be6 16. Bxe6 Nxe6 17. Be3
Rad8 $15) 15... e6 (15... Bg4 16. Ne5 Bxe5 17. Rxe5 $16) 16. Bg5 Bxg5 17. Nxg5
$16 {Mowzsizsian: Schwach sind die schwarzen Felder b6,d6,f6,h6. Der Läufer
auf c8 ist passiv.} Qd8 18. Nf3 Nf5 19. Qc3 Qf6 20. Re4 Rd8 21. Rf4 Bd7 22. Re1
(22. g4 g5 23. Re4 Ne7 $16) 22... h5 (22... Qg7 $142 23. g4 Ne7 24. Ne5 Be8 $16
) 23. h3 h4 $6 (23... Qg7 24. g4 hxg4 25. hxg4 Ne7 26. Ne5 Be8 27. Kg2 $16) 24.
Re5 Be8 25. Nxh4 $1 g5 26. Rfxf5 exf5 27. Nxf5 Rd7 28. d5 $1 {/\Re8,Qf6} Kh7 (
28... cxd5 29. Rxe8+ Rxe8 30. Qxf6 $18) 29. d6 $18 b5 30. Bd3 b4 31. Ne7+ Kh8
32. Rxg5 {1-0 Mikhalevski,V-Sergeev,Vl/Kiev Platonov (03) ;CBM 51 1995
[Movsesian]} (32. Rxg5 $1 bxc3 33. Rg8#)) 10. Nxf6+ (10. Nc3 {Mikhalevski,V}
Bg4 11. Be3 Ng7 12. Bc4 Be6 13. Be2 Nf5 14. Bf4 Nd5 15. Be5 f6 16. Bg3 h5 17.
Bd3 Nb4 18. Bxf5 Bxf5 19. O-O g5 20. h4 g4 21. Ne1 $10 {Sherbakov,R-Ivanov,Vi/
RUS-ch/1994/0,5/}) 10... Nxf6 (10... exf6 {Mikhalevski,V} 11. Bc4 Qe7+ 12. Be3
Ng7 13. O-O Be6 14. Bxe6 Nxe6 15. d5 cxd5 16. Qxd5 Qd7 17. Rad1 Qxd5 18. Rxd5
Be7 19. b4 Rc8 20. Rfd1 Rc7 21. Nd2 f5 22. Nc4 O-O 23. g3 Kg7 24. Kg2 Rd8 25.
Rxd8 Bxd8 26. a4 Be7 27. Kf1 Kf8 28. Ke2 Ke8 29. Rd5 Rd7 30. Rxd7 Kxd7 31. Kd3
Kc7 32. Nb6 Bg5 33. f4 Bd8 34. Kc4 h5 35. h4 {Hansen,Curt-Hellsten,Johan/Malmo
(03) 1996/1-0 (49)}) 11. Bc4 Bg7 12. Qb3 O-O 13. O-O Qc7 (13... Nd5 14. Rfe1
Re8 15. Ne5 Ra7 16. Rad1 Be6 17. Qg3 $14 {Peng Zhaoqin-Sheremetieva,M,
Kishinev (ztW) 1995; EXT 95.} (17. Qg3 {Mikhalevski,V} Qc8 18. Ba5 f6 19. Nd3
Bf7 20. b3 Ra8 21. Re2 Qd7 22. Rde1 Rac8 23. Qf3 Nc7 24. Bxf7+ Kxf7 25. Ne5+ {
1-0 Peng Zhaoqin-Sheremetieva,M/Kishinev ztW (08) ;EXT 95 1995})) 14. Rfe1 (14.
Ne5 $5 {Mikhalevski,V} e6 15. Rad1 $14 (15. Rfe1 Rd8 16. Bc3 Nd5)) 14... Bf5
15. Ne5 e6 16. h3 {Dies scheint die kritische Stelle der Partie zu sein; hier
muß man nach einer Verbesserung suchen.} (16. Qf3 $5 {kommt in Betracht, führt
aber zu keinem klaren Ergebnis:} Rfd8 (16... h5 17. h3 $16) (16... Nd5 17. g4
Bc2 (17... f6 18. Nxc6 Qxc6 19. gxf5 gxf5 20. Rxe6 $18) 18. Rac1 (18. b3 f6 19.
Nxc6 bxc6 20. Rac1 Bxb3 21. axb3 $16) 18... Ba4 19. b3 Bb5 20. a4 Bxc4 21. bxc4
$16) (16... Rad8 17. Bc3 Nd7 $13) 17. Bc3 Nd5 (17... g5 $5 18. h3 $14) (17...
Nd7 $2 18. Nxf7) 18. g4 Bc2 $13) (16. Bf4 {ist ein anderer Versuch:} Nh5 (16...
Qc8 17. Qf3 {dürfte unbequem für Schwarz sein}) 17. Be3 Be4 {bringt den Weißen
aber auch nicht weiter. Es scheint, daß er die beengte Stellung des Läufers
auf f5 nicht auszunutzen vermag.}) (16. f3 $6 {Mikhalevski,V} Rad8 $1 17. g4
Nxg4 $1 18. Nxg4 Bxg4 19. fxg4 Rxd4 $40) 16... Be4 (16... Rad8 $2 {Mikhalevski,
V} 17. g4 Be4 (17... Nxg4 18. hxg4 Bxe5 19. dxe5 Rxd2 20. gxf5 $18) (17... Rxd4
18. Bc3 $18) 18. g5 $18) 17. Bf4 Qc8 18. Nxf7 {Wenn Schwarz ungehindert zu
Le4-d5 kommt, hat er nichts mehr zu befürchten. Der Textzug ergibt aber auch
nicht mehr als Ausgleich.} (18. Ng4 $5 Bd5 $8 (18... Nxg4 $2 19. Rxe4 Nf6 20.
Rxe6 $1) 19. Nxf6+ Bxf6 20. Bxd5 cxd5 (20... exd5 21. Be5 $16) 21. Be5 $14)
18... Rxf7 (18... Kxf7 19. Rxe4 Nxe4 20. Re1 Nxc5 (20... Qd7 21. Rxe4 Rae8 (
21... Rfe8 22. Rxe6 Rxe6 23. Bxe6+ Qxe6 24. Qxb7+ $18) 22. Bd6 $16) 21. dxc5
Re8 22. Rxe6 Rxe6 23. Bxe6+ Qxe6 24. Qxb7+ Qe7 25. Qxa8 $16) 19. Rxe4 (19. Bxe6
Bd5 $17) 19... Nxe4 20. Bxe6 Qe8 (20... Qf8 21. Re1 (21. Qxb7 Re8 $17) 21...
Nxf2 (21... Nf6 22. Qxb7 Re8 23. Qxc6 $16) 22. Bd6 (22. Kxf2 Bxd4+ 23. Kg3 Kg7
$10) 22... Qe8 (22... Nxh3+ 23. Qxh3 Bxd4+ 24. Kh2 Qg7 25. Bxf7+ Qxf7 26. Re7
$18) 23. Qxb7 Rd8 24. Bxf7+ Qxf7 25. Re7 Qf8 (25... Nxh3+ 26. Kh2 Qf8 27. Qb3+
Kh8 28. Rxg7 Rxd6 29. Rf7 $18) 26. Qb3+ Kh8 27. Rxg7 Rxd6 28. Rf7 $18) 21. Re1
(21. Qxb7 $4 {Mikhalevski,V} Qxe6 $19) 21... Nxf2 (21... Nf6 22. Qxb7 Rd8 $8
23. Bxf7+ Qxf7 24. Re7 Qf8 25. Be5 $16 (25. Bd6 $1 {Mikhalevski,V} Ne8 $8 (
25... Nd5 $2 26. Rc7 $1 Rxd6 27. cxd6 Nxc7 28. dxc7 $18))) 22. Qxb7 (22. Be5
Nxh3+ (22... Rd8 23. Rf1 $1 (23. Bxf7+ Qxf7 24. Qxf7+ Kxf7 25. Bxg7 Nd3 $1 (
25... Kxg7 26. Kxf2 Rxd4 27. Re7+) 26. Re3 Nxb2 27. Rb3 Kxg7 28. Rxb2 Rxd4 29.
Rxb7+ Kf6 $10) 23... Nxh3+ {See 22...N:h3} (23... Bxe5 $2 24. Rxf2 $18)) 23.
gxh3 (23. Qxh3 {Mikhalevski,V} Rd8 24. Rf1 Rdd7 $14) 23... Rd8 24. Rf1 Rdd7 25.
Bc4 Bxe5 (25... Kf8 26. Bxf7 Rxf7 27. Qxb7 Rxf1+ 28. Kxf1 Bxe5 29. dxe5 Qf7+
$13) 26. dxe5 Kg7 27. Bxf7 Rxf7 28. Rxf7+ Qxf7 29. e6 Qe7 30. Qc3+ Qf6 $10) (
22. Kxf2 Bxd4+ 23. Kf1 (23. Kg3 Kh8 24. Qb4 Rxf4 $19) 23... Kg7 24. Bxf7 Qxf7
25. Qxf7+ Kxf7 26. Rd1 (26. Bd6 Re8 27. Rxe8 Kxe8 $15) 26... Bxc5 27. Rd7+ Ke6
$17) 22... Nxh3+ (22... Rd8 23. Bxf7+ (23. Kxf2 $2 Qxe6 $19) (23. Qxf7+ Qxf7
24. Kxf2 Bxd4+ 25. Kf3 $16) 23... Qxf7 24. Qxf7+ Kxf7 25. Kxf2 Bxd4+ 26. Kf3
Bxb2 $10) 23. gxh3 Bxd4+ 24. Kg2 Rd8 25. Bxf7+ (25. Bg5 $2 {Mikhalevski,V} Qxe6
$17) (25. Qxf7+ {Mikhalevski,V} Qxf7 26. Bd6 Re8 27. Bxf7+ Kxf7 28. Rxe8 Kxe8
29. b3 Kf7 30. Kf3 Ke6 31. Ke4 $15) (25. Bxf7+ {Mikhalevski,V} Qxf7 26. Qxf7+
Kxf7 27. Bd6 Re8 {See 25.Q:f7}) 1/2-1/2

[Event "Olympiad-34"]
[Site "Istanbul"]
[Date "2000.11.06"]
[Round "9.1"]
[White "Vaganian, Rafael A"]
[Black "Shirov, Alexei"]
[Result "1-0"]
[WhiteElo "2623"]
[BlackElo "2746"]
[Annotator "Huebner,R"]
[PlyCount "57"]
[EventDate "2000.10.28"]
[EventType "team-swiss"]
[EventRounds "14"]
[EventCountry "TUR"]
[SourceTitle "EXT 2001"]
[Source "ChessBase"]
[SourceDate "2000.11.22"]
[SourceVersion "1"]
[SourceVersionDate "2000.11.22"]
[SourceQuality "1"]
[WhiteTeam "Armenia"]
[BlackTeam "Spain"]
[WhiteTeamCountry "ARM"]
[BlackTeamCountry "ESP"]

1. Nf3 d5 2. d4 c6 3. c4 Nf6 4. Nc3 a6 5. a4 e6 6. Bg5 Nbd7 7. cxd5 cxd5 $6 {
Da der Damenspringer des Schwarzen nicht mehr nach c6 gelangen und der
Nachziehende die Schwäche des Feldes b4 nicht ausnutzen kann, sieht} (7... exd5
{hier viel natürlicher aus; kommt Schwarz zu a6-a5, hat er eine feine
Bauernstruktur am Damenflügel.}) 8. e3 Qa5 (8... Be7 {ist solider.}) 9. Bd3 Ne4
10. O-O Nxg5 11. Nxg5 Nf6 12. f4 Bb4 13. Rc1 O-O (13... Bd7 $5) 14. Qe1 Bd7 15.
Qh4 h6 16. Nf3 Rfc8 17. g4 Bxc3 18. bxc3 Rxc3 19. g5 Rxd3 20. gxf6 Rxe3 (20...
Qd8 21. Qg3 Qxf6 22. Ne5 Rd2 23. Nxd7 $18) 21. Qg4 g6 22. Qh4 h5 23. Qg5 Qb4 (
23... Qd8 24. Rc7 (24. f5 $2 Re4) (24. Ne5 Rxe5 25. fxe5 Kh7 (25... Bxa4 26.
Rc7) 26. Rf3 Bc6 {mit Rettungsaussichten für Schwarz.}) 24... Bc6 25. Nh4 {
, und Weiß gewinnt.}) 24. Rb1 ({Die Fortsetzung} 24. Rc7 Rxf3 25. Rxf3 Qxd4+ {
ist natürlich für Weiß nicht zu empfehlen.}) 24... Qa3 25. Nh4 Kh7 $2 ({
Zum Verlust führt auch} 25... Re2 {Weiß antwortet} 26. Rf3 $18) ({Nach} 25...
Be8 26. Rxb7 Re2 {kann ich jedoch keinen zwingenden Gewinn für Weiß entdecken.}
27. f5 (27. Qh6 Qf8 28. Qg5 Qa3 {ergibt Zugwiederholung.}) ({Nach} 27. Re7 Qe3+
28. Kh1 Re1 29. Rxe1 Qxe1+ 30. Kg2 Rb8 {wird die falsche Seite matt.}) 27...
Qh3 {führt nicht zum gewünschten Erfolg.}) 26. Rxb7 Rd8 27. f5 exf5 28. Rxd7
Rxd7 29. Nxf5 1-0

[Event "Rubinstein Memorial 33rd"]
[Site "Polanica Zdroj"]
[Date "1996.??.??"]
[Round "6"]
[White "Gulko, Boris F"]
[Black "Rogers, Ian"]
[Result "1/2-1/2"]
[WhiteElo "2615"]
[BlackElo "2575"]
[Annotator "Huebner,R"]
[PlyCount "80"]
[EventDate "1996.08.15"]
[EventType "tourn"]
[EventRounds "11"]
[EventCountry "POL"]
[EventCategory "15"]
[SourceTitle "CBM 055"]
[Source "ChessBase"]
[SourceDate "1996.12.01"]
[SourceVersion "1"]
[SourceVersionDate "1996.12.01"]
[SourceQuality "1"]

1. c4 c6 2. d4 d5 3. Nc3 Nf6 4. e3 a6 5. a4 e6 6. Nf3 c5 7. Bd3 (7. cxd5 exd5
8. Be2 Nc6 9. O-O Bd6 10. b3 O-O 11. Ba3 (11. dxc5 $5) 11... b6 12. Rc1 Bb7 {
geschah in der Partie Atalik,S-Rogozenko,D, Bukarest 1995, CBM 48; Schwarz hat
keine Sorgen. Der Textzug scheint dem Nachziehenden auch keine Probleme zu
stellen; die Schwäche des Feldes b4 ist in vielen Fällen unangenehm für Weiß.
Falls dieses Urteil zutrifft, bildet 6...c5 eine gute Antwort gegen den Aufbau
des Weißen.}) 7... Nc6 8. O-O Bd6 9. b3 O-O 10. Bb2 b6 11. Rc1 Bb7 (11... cxd4
12. exd4 Bf4 $5) 12. cxd5 exd5 13. Ne2 Re8 14. Nf4 (14. Ng3 $5) (14. Bb1 $5)
14... Nb4 15. Bb1 Bxf4 {Schwarz verwirklicht eine interessante Idee. In
Betracht kam vielleicht auch} (15... a5 16. Nd3 Ba6 17. Re1 Ne4 {mit gutem
Spiel für den Nachziehenden.}) 16. exf4 c4 17. bxc4 dxc4 18. Rxc4 {Weiß hat
natürlich keine andere Wahl.} a5 19. Rc1 (19. Re1 Bxf3 20. Rxe8+ Qxe8 21. gxf3
Nbd5 {ist natürlich nicht nach dem Geschmack des Weißen.}) 19... Nbd5 20. g3 (
20. f5 Nf4 21. Re1 Rxe1+ 22. Nxe1 Qd5 {sieht nicht erfreulich für Weiß aus.})
20... Qd7 21. f5 (21. Ne5 Qh3 {Jetzt droht 22...Dg2+ 23.Kg2: Sf4:+ 24.Kg1 Sh3
matt!} 22. Qf3 Re7 {mit der Drohung 23...Sf4: überläßt dem Schwarzen eine
gefährliche Initiative.}) 21... Qd6 22. Ne5 Rac8 23. Qb3 {Weiß bindet den
Springer d5 an seinen Platz und droht 24.La3.} (23. Qf3 {wird mit} Qb4 24. Ba3
Qxa4 {beantwortet.}) 23... Qb4 24. Qxb4 Nxb4 {Die beiden Läufer des Weißen
können nicht viel Kraft entfalten.} 25. Rxc8 Rxc8 26. Rc1 Rxc1+ 27. Bxc1 Be4
28. Bxe4 Nxe4 29. Kf1 {Nach} (29. Bb2 Nd6 30. g4 f6 31. Nf3 (31. Nd7 Nc4 32.
Bc3 Kf7 {und der Springer des Weißen kommt in Verdrückung!}) 31... Nc4 {
hat Schwarz natürlich auch nichts zu befürchten.}) 29... Nc3 30. Bd2 {Weiß muß
sich beeilen, eine Remisstellung anzustreben. In dem entstehenden
Springerendspiel reicht dem Schwarzen der entfernte Freibauer, den er besitzt,
nicht zum Gewinn, weil sein König nicht ungehindert zum Zentrum vordringen
kann.} Nxa4 31. Bxb4 axb4 32. Ke2 f6 33. Nc6 b3 34. Kd3 Kf7 35. Nd8+ Kg8 (35...
Ke7 36. Ne6 g5 37. fxg6 hxg6 38. Nf4 g5 39. Nd5+ Ke6 40. Ne3 {ist auch nicht
gewinnträchtig für Schwarz, denn Weiß kann einen entfernten Freibauern auf der
h-Linie bilden.}) 36. Ne6 h6 37. d5 b2 38. Kc2 Nc3 39. Kxb2 Nxd5 40. Kb3 Ne7
1/2-1/2

[Event "Gistrup"]
[Site "Gistrup"]
[Date "1996.??.??"]
[Round "2"]
[White "Rasmussen, Karsten"]
[Black "Hellsten, Johan"]
[Result "0-1"]
[WhiteElo "2435"]
[BlackElo "2490"]
[Annotator "Huebner,R"]
[PlyCount "92"]
[EventDate "1996.07.15"]
[EventType "tourn"]
[EventRounds "9"]
[EventCountry "DEN"]
[EventCategory "10"]
[SourceTitle "CBM 055"]
[Source "ChessBase"]
[SourceDate "1996.12.01"]
[SourceVersion "1"]
[SourceVersionDate "1996.12.01"]
[SourceQuality "1"]

1. c4 {King} c6 2. d4 d5 3. Nc3 Nf6 4. e3 a6 5. Nf3 b5 6. b3 Bg4 7. Be2 e6 8.
O-O Be7 9. h3 Bh5 10. Ne5 Bxe2 11. Qxe2 O-O 12. Bd2 Nfd7 13. Nxd7 Nxd7 14. e4
dxc4 15. bxc4 Nb6 16. c5 Nc4 17. Be3 f5 18. exf5 Rxf5 19. a4 Qd7 20. axb5 cxb5
21. Rfb1 Qc6 22. Qd3 Bd8 (22... Raf8 $5 23. Qe4 Qc8) 23. d5 Qc8 24. d6 (24. g4
$5) 24... Nxe3 25. Qxe3 Rxc5 $17 26. Ne4 Re5 (26... Rc4 $5) 27. Qf3 {King: The
position looks good for White: he has a strong passed pawn on d6 and well
placed pieces. Black has difficulties coordinating for instance: 27...Qc6
would be met by 28 Nf6+; as would 27...Qc4.   Black finds a brilliant solution:
} Ra7 28. Rd1 Qa8 {Black's manoeuvre is surprisingly strong, preventing White
from launching an attack.} 29. Re1 b4 $6 (29... a5 $1 {King}) 30. Rad1 b3 31.
Qf4 Rf5 32. Qg3 a5 $2 (32... b2 $5 33. Qb3 Re5) (32... Rb7 $5) 33. Qxb3 Re5 34.
Nc5 Rxc5 35. Qxe6+ $4 (35. Rxe6 $18 Kf8 36. d7 Be7 37. Rxe7 Kxe7 38. Qe3+)
35... Rf7 $19 36. d7 Qc6 37. Rd6 Qc7 38. Qe8+ Rf8 39. Qe6+ Kh8 40. Rd3 Rc1 41.
Rf3 Rxe1+ 42. Qxe1 Bf6 43. Qe8 Qd8 44. Re3 g6 45. Qe6 Kg7 46. Rd3 Qe7 0-1

[Event "Corus-B"]
[Site "Wijk aan Zee"]
[Date "2002.01.15"]
[Round "1"]
[White "Werle, Jan"]
[Black "Sokolov, Ivan"]
[Result "0-1"]
[WhiteElo "2481"]
[BlackElo "2659"]
[Annotator "Huebner,R"]
[PlyCount "52"]
[EventDate "2002.01.15"]
[EventType "tourn"]
[EventRounds "11"]
[EventCountry "NED"]
[EventCategory "11"]
[SourceTitle "CBM 087"]
[Source "ChessBase"]
[SourceDate "2002.03.21"]
[SourceVersion "1"]
[SourceVersionDate "2002.03.21"]
[SourceQuality "1"]

1. Nf3 d5 2. d4 Nf6 3. c4 c6 4. Nc3 a6 5. e3 b5 6. cxd5 cxd5 7. Ne5 e6 8. Bd3
Nbd7 9. O-O Bb7 10. f4 Be7 11. Qf3 O-O 12. g4 {Da Weiß sich nicht im sicheren
Besitz des Punktes e4 befindet, ist dieses Vorgehen nicht zu empfehlen; Weiß
schwächt sich bloß.} (12. a3 Rc8 13. Bd2 {ist eine solide Fortsetzung:} (13. g4
Rc7 14. g5 Nxe5 15. fxe5 Ne4 16. Nxe4 dxe4 17. Bxe4 Bxe4 18. Qxe4 Bxg5 {
führt auch hier zu besserem Spiel für Schwarz.}) 13... Rc7 {zur Vorbereiting
von Dd8-a8 nebst Sf6-e4 kann mit} 14. Nxb5 axb5 15. Ba5 {und unklarem Spiel
beantwortet werden.}) 12... b4 13. Ne2 Ne4 14. Ng3 Nxe5 15. dxe5 $2 ({Nach} 15.
fxe5 {bleibt der Nachteil des Weißen in Grenzen, zum Beispiel} f6 16. Qg2 fxe5
17. Nxe4 (17. Rxf8+ Qxf8 18. Nxe4 dxe4 19. Bxe4 Bxe4 20. Qxe4 Bh4 {ist
schlecht für Weiß.}) 17... dxe4 18. Bxe4 Rxf1+ 19. Kxf1 Qf8+ 20. Ke2 {usw.})
15... Nc5 16. Bb1 d4 17. e4 Bh4 18. f5 $2 {Es ist nicht der richtige Zeitpunkt
für aktives Spiel.} (18. Rd1 {ist zäher.}) 18... Bxg3 19. hxg3 d3 $19 20. Be3
Nxe4 21. fxe6 f6 22. e7 Qxe7 23. Bxd3 Nd2 24. Qf5 g6 25. Qf4 fxe5 26. Bc4+ Kh8
0-1

[Event "Corus-B"]
[Site "Wijk aan Zee"]
[Date "2005.01.28"]
[Round "11"]
[White "Ernst, Sipke"]
[Black "Ramirez Alvarez, Alejandro"]
[Result "1-0"]
[WhiteElo "2509"]
[BlackElo "2507"]
[Annotator "Huebner,R"]
[PlyCount "57"]
[EventDate "2005.01.15"]
[EventType "tourn"]
[EventRounds "13"]
[EventCountry "NED"]
[EventCategory "13"]
[SourceTitle "CBM 105"]
[Source "ChessBase"]
[SourceDate "2005.04.11"]
[SourceVersion "1"]
[SourceVersionDate "2005.04.11"]
[SourceQuality "1"]

1. d4 d5 2. c4 c6 3. Nf3 Nf6 4. Nc3 a6 5. c5 Nbd7 6. Bf4 Nh5 7. e3 b6 8. cxb6
Qxb6 9. Bd3 Nxf4 10. exf4 e6 11. O-O c5 $2 {Schwarz möchte nicht auf b2 nehmen.
Das ist verständlich; aber wenn er darauf verzichtet, sollte er meines
Erachtens lieber etwas für seine Entwicklung tun, statt die Stellung
unzeitgemäß zu öffnen.} (11... Bd6 {kommt in Betracht.}) (11... g6 {ist
vielleicht ebenfalls nicht von der Hand zu weisen.}) 12. Re1 Be7 13. f5 O-O $6
{Danach wird die Stellung sofort hoffnungslos; Schwarz verliert einen Bauern.
Es ist aber bereits schwer, eine befriedigende Fortsetzung zu finden.} (13...
Qxb2 14. fxe6 fxe6 15. Na4 Qb4 16. Rb1 Qa5 17. Qe2 {sieht auch nicht
vertrauenerweckend für Schwarz aus.}) (13... c4 14. fxe6 fxe6 15. Bf5 {ist
ebenfalls ungemütlich.}) 14. fxe6 fxe6 15. Qc2 Nf6 ({Auf} 15... h6 {folgt} 16.
Nxd5 {, und Weiß gewinnt.}) 16. Na4 Qd6 17. Nxc5 Qf4 18. Qc1 (18. Nxe6 {
sieht ebenfalls nicht schlecht aus.}) 18... Nh5 19. Nxe6 Bxe6 20. Rxe6 Qf7 21.
Qe3 Bd8 22. Rd6 Nf4 23. Bxh7+ Kxh7 24. Rxd8 Qg6 25. Nh4 Qg4 26. Rxa8 Rxa8 27.
g3 Rf8 28. f3 Qe6 29. Re1 1-0

[Event "Corus"]
[Site "Wijk aan Zee"]
[Date "2002.01.13"]
[Round "2"]
[White "Piket, Jeroen"]
[Black "Bareev, Evgeny"]
[Result "1/2-1/2"]
[WhiteElo "2659"]
[BlackElo "2707"]
[Annotator "Huebner,R"]
[PlyCount "53"]
[EventDate "2002.01.12"]
[EventType "tourn"]
[EventRounds "13"]
[EventCountry "NED"]
[EventCategory "18"]
[SourceTitle "CBM 087"]
[Source "ChessBase"]
[SourceDate "2002.03.21"]
[SourceVersion "1"]
[SourceVersionDate "2002.03.21"]
[SourceQuality "1"]

1. d4 d5 2. c4 c6 3. Nc3 Nf6 4. e3 a6 5. Nf3 b5 6. cxd5 cxd5 7. Bd2 e6 8. Bd3
Bb7 {In einer früheren Partie fuhr Bareev hier mit 8...Sbd7 fort. Im
vorliegenden Spiel stellt er den Damenspringer nach c6. Dort steht er weniger
sicher, bestreicht aber die wichtigen Felder b4 und a5. Die Vorgängerpartie
verlief so:} (8... Nbd7 9. O-O Bb7 10. Ne2 Ne4 11. a4 b4 12. a5 Bd6 13. Qa4
Nxd2 14. Nxd2 O-O 15. f4 Qe7 16. Nf3 Rfc8 17. Ne5 Nf6 18. h3 Rc7 19. Rfc1 Rac8
20. Rxc7 Rxc7 21. Qd1 Ne4 $11 {1-0 Gurevich,M-Bareev,E/Germany 1992/GER-chT 
(80). (79)}) 9. O-O {Überrschenderweise ist dies eine Neuerung. Gespielt wurde
schon} (9. Qb1 {Dies soll Sf6-e4 verhindern.} Be7 10. O-O O-O 11. Rc1 Nc6 12.
Be1 h6 13. a3 Qb6 14. Bf1 Rfc8 $11 {1/2-1/2 Beliavsky,A-Movsesian,S/Germany
2000/CBM 74 ext (30). (29)}) 9... Bd6 10. Ne2 (10. Ne5 $5 $11) 10... Nc6 11. a4
b4 12. a5 {Dies ist konsequent, aber Vorteil verspricht es nicht.} Nxa5 {
Sonst käme Weiß mit Dd1-a4 in Vorteil.} 13. Qa4+ Nc6 14. Bxb4 ({Nach} 14. Ne5
Qb6 15. Rfc1 Bxe5 16. dxe5 Nd7 {hat Weiß ohne Kompensation einen Bauern
eingebüßt. Der Textzug genügt zum Ausgleich; mehr bringt er aber nicht.}) 14...
Bxb4 15. Ne5 Qb6 16. Rfc1 Rc8 ({Nach} 16... O-O 17. Nxc6 Bd6 18. Qa5 Qxa5 19.
Nxa5 {hat Weiß das bequemere Spiel.}) 17. Bxa6 Qxa6 (17... Bxa6 18. Rxc6 Rxc6
19. Nxc6 Bxe2 (19... O-O 20. Qxa6 {ist natürlich auch nicht im Sinne des
Schwarzen.}) 20. Qa8+ Kd7 21. Ne5+ {führt Schwarz in den Orkus.}) 18. Qxa6 Bxa6
19. Rxc6 Rxc6 20. Nxc6 Bxe2 21. Ra8+ Kd7 22. Ne5+ Ke7 (22... Kc7 23. Rxh8 Bh5
24. f3 {ist auch nicht gewinnträchtig für Schwarz.}) 23. Rxh8 Bd6 24. Nc6+ Kd7
25. Ne5+ Ke7 26. Nc6+ Kd7 27. Ne5+ 1/2-1/2